000 01416nam a2200253 a 4500
001 81524
003 BD-RjUL
005 20230618115310.0
008 230618r20212016ii |||| |||| 001 0 ben d
035 _a(BD-RjUL)81524
040 _aBD-RjUL
_bben
_cBD-RjUL
_dBD-RjUL
041 _aben
082 0 4 _223
_a891.4409
_bBAB 2021
100 1 _aবন্দ্যোপাধ্যায়, অসিতকুমার
_9571
245 1 0 _aবাংলা সাহিত্যের সম্পূর্ণ ইতিবৃত্ত :
_bখ্রীস্টীয় দশম-বিংশ শতাব্দী /
_cঅসিতকুমার বন্দ্যোপাধ্যায়; পরিবর্ধিত সংযোজন দিলীপকুমার মিত্র
250 _aনতুন পুনর্বিন্যাস সংস্করণ
260 _aকলকাতা :
_bমডার্ণ বুক এজেন্সী,
_c২০১৬-২০১৭ [পুনর্মুদ্রণ ২০২১]
300 _a৬৫৬,২৮ পৃ. ;
_c২২ সেমি.
500 _aনিঘন্ট সংযুক্ত
650 7 _aবাংলা সাহিত্য
_9572
_xইতিহাস ও সমালোচনা
650 7 _aBangla literature.
_9111833
_xHistory and criticism
700 _aমিত্র, দিলীপকুমার
_97901
942 _2ddc
_cBK
999 _c81524
_d81524